000 01073cam a22002891i 4500
001 017125152
003 EG-ScBUE
005 20260216103415.0
008 150317s2016 ua f b 000 0 eng d
020 _a9789774167003
040 _aStDuBDS
_beng
_erda
_cStDuBDS
_dUk
_dEG-ScBUE
082 0 4 _a338.040956
_222
_bENT
245 0 0 _aEntrepreneurship in the Arab world :
_bten case studies /
_cEl-Khazindar Business Research and Case Center.
264 1 _aCairo :
_bThe American University in Cairo Press,
_c2016.
300 _axii, 160 pages ;
_c22 cm
336 _atext
_2rdacontent
_btxt
337 _aunmediated
_2rdamedia
_bn
338 _avolume
_2rdacarrier
_bnc
504 _aIncludes bibliographical references.
650 7 _aEntrepreneurship
_zMiddle East
_vCase studies.
_2BUEsh
650 7 _aEntrepreneurship
_zAfrica, North
_vCase studies.
_2BUEsh
653 _cFebruary2026
_bBUSECO
655 _vReading book
710 2 _aAmerican University in Cairo.
_bEl-Khazindar Business Research and Case Center,
_eauthor.
942 _2ddc
_cBB
999 _c31138
_d31109